[Event "1st Alimini Village Open"]
[Site "Alimini ITA"]
[Date "2011.05.27"]
[Round "8"]
[White "Adrian,C"]
[Black "Thorfinnsson,Bj"]
[Result "1/2-1/2"]
[WhiteElo "2267"]
[BlackElo "2415"]

1.c4 c6 2.e4 d5 3.exd5 cxd5 4.d4 Nf6 5.Nc3 Nc6 6.Nf3 g6 7.cxd5 Nxd5 8.Qb3 Nxc3
9.Bc4 Nd5 10.Bxd5 e6 11.Bxc6+ bxc6 12.O-O Bg7 13.Bf4 O-O 14.Qe3 Re8 15.Rfc1 Bb7
16.Ne5 Rc8 17.Rc2 f6 18.Nc4 c5 19.Nd6 cxd4 20.Rxc8 Bxc8 21.Qxd4 e5 22.Qd5+ Be6
23.Qc6 Re7 24.Be3 Rd7 25.Bc5 Bf8 26.Rd1 Rc7 27.Qb5 a6 28.Qb6 Qd7 29.b4 Qa4
30.Re1 Qc6 31.Qb8 Bc8 32.Ne4 f5 33.Nf6+ Kf7 34.Nd5 Rd7 35.Nb6 Rd8 36.Qxe5 Be6
37.a4 Bg7 38.Qe3 Re8 39.h4 Kg8 40.h5 Bf7 41.Qd2 f4 42.Rxe8+ Bxe8 43.Qxf4 gxh5
44.Qg5 h6 45.Qf5 h4 46.a5 Bg6 47.Qg4 Qe4 48.Qxe4 Bxe4 49.b5 axb5 50.a6 Bf8
51.Bxf8 Kxf8 52.f3 Bc6 53.Kf2 b4 54.Ke3 b3 55.Kd2 Ke7 56.Kc3 Kd6 57.Kxb3 Kc5
58.Nc8 Kb5 59.a7 Ka6 60.Kc3 h3 61.gxh3 Bxf3 62.Kd4 Kb7 63.Nd6+ Kxa7 64.Ke3 Bd1
65.Nf5 h5 66.Kf4 Kb7 67.Kg5 Kc7 68.Ng3 Kd7 69.Nxh5 Bxh5 70.Kxh5 Ke7 71.Kg6 Kf8
72.h4 Kg8  1/2-1/2

[Event "Chinese League"]
[Site "Chengdu CHN"]
[Date "2011.05.27"]
[Round "5"]
[White "Zeng,C"]
[Black "Yu Ruiyuan"]
[Result "1/2-1/2"]
[WhiteElo "2426"]
[BlackElo "2439"]

1.c4 c6 2.Nf3 d5 3.d4 Nf6 4.Nc3 dxc4 5.a4 Bf5 6.Ne5 Nbd7 7.Nxc4 Nb6 8.Ne5 a5
9.e3 Nbd7 10.Nc4 e6 11.f3 Bb4 12.e4 Bg6 13.Be2 O-O 14.O-O Nb6 15.Ne5 c5 16.Be3 Rc8
17.dxc5 Bxc5 18.Bxc5 Rxc5 19.Qxd8 Rxd8 20.Rfd1 Re8 21.Nxg6 hxg6 22.Ra3 Rb8
23.Rb3 Nbd7 24.Kf2 Kf8 25.Ke3 Ke7 26.h4 g5 27.hxg5 Rxg5 28.Rb5 Rxb5 29.Bxb5 Rd8
30.Rb1 Rc8 31.Kd2 Nc5 32.b4 axb4 33.Rxb4 Nfd7 34.Rb1 Rh8 35.Ke3 Ra8  1/2-1/2

[Event "TCh-SLO"]
[Site "Ljubljana SLO"]
[Date "2011.05.27"]
[Round "1"]
[White "Mohr,G"]
[Black "Podkriznik,G"]
[Result "1/2-1/2"]
[WhiteElo "2512"]
[BlackElo "2354"]

1.c4 c6 2.d4 d5 3.cxd5 cxd5 4.Nc3 Nc6 5.Bf4 Nf6 6.e3 a6 7.Nf3 Bg4 8.Be2 Bxf3
9.Bxf3 e6 10.O-O Bd6 11.Bg5 O-O 12.e4 dxe4 13.Bxf6 Qxf6 14.Nxe4 Qe7 15.Nxd6 Qxd6
16.d5 exd5 17.Qxd5 Rfd8 18.Qxd6 Rxd6 19.Rfd1 Rad8 20.Rxd6 Rxd6 21.Rd1 Rxd1+
22.Bxd1 Kf8 23.Kf1 Nd4 24.Ke1 Ke7 25.Kd2 Kd6 26.Kd3 Kd5 27.b4 b6 28.h4 h6
29.g3 g6 30.Bg4 a5  1/2-1/2

[Event "Orlova Open"]
[Site "Orlova CZE"]
[Date "2011.05.27"]
[Round "7.11"]
[White "Tretina,Z"]
[Black "Karhanek,P"]
[Result "0-1"]
[WhiteElo "1819"]
[BlackElo "2118"]

1.c4 c6 2.Nc3 d5 3.cxd5 cxd5 4.d4 Nf6 5.g3 e6 6.a3 Be7 7.Bg2 O-O 8.Nf3 a6
9.O-O b5 10.b4 Nbd7 11.Nd2 Nb6 12.Nb3 Nc4 13.Nc5 Bd7 14.e4 Bc6 15.Re1 Bxc5
16.exd5 Bxd4 17.Qxd4 Nxd5 18.Nxd5 Bxd5 19.Bxd5 Qxd5 20.Qxd5 exd5 21.Rd1 Rad8
22.Rd4 f6 23.a4 Rfe8 24.Kf1 Kf7 25.axb5 axb5 26.Bf4 g5 27.Bc7 Rd7 28.Ba5 Re4
29.Rad1 Rxd4 30.Rxd4 Ke6 31.f4 g4 32.Ke2 h5 33.Kd3 Nxa5 34.bxa5 Ra7 35.Kc3 Rxa5
36.Kb3 Ra1 37.Rd2 Kd6 38.Kb4 Rb1+ 39.Kc3 Kc5 40.Kc2 Re1 41.Kd3 d4 42.Rb2 Re3+
43.Kd2 Kc4 44.Rc2+ Rc3 45.Ra2 d3 46.Ra6 Rc2+ 47.Kd1 b4 48.Rc6+ Kd4 49.Rb6 Rxh2
50.Rd6+ Ke3 51.Re6+ Kf3 52.f5 b3 53.Rd6 b2 54.Rxd3+ Ke4 55.Rb3 b1=Q+  0-1

[Event "Orlova Open"]
[Site "Orlova CZE"]
[Date "2011.05.27"]
[Round "7.18"]
[White "Vysoglad,P"]
[Black "Rydzewski,P"]
[Result "0-1"]
[WhiteElo "2088"]
[BlackElo "1765"]

1.c4 c6 2.Nc3 d5 3.e3 Nf6 4.d4 Bf5 5.Nf3 e6 6.Nh4 Bg6 7.Nxg6 hxg6 8.h3 Bd6
9.Be2 O-O 10.O-O Nbd7 11.f4 dxc4 12.Bxc4 Nb6 13.Bd3 c5 14.dxc5 Bxc5 15.Qe2 Nbd5
16.Na4 Qa5 17.Nxc5 Qxc5 18.a3 Rfd8 19.Kh2 e5 20.g3 Qd6 21.Bc4 exf4 22.exf4 Nb6
23.Bb3 Re8 24.Qf3 Rad8 25.Rf2 Re1 26.f5 Qc5 27.fxg6 Rxc1 28.gxf7+ Kf8 29.Rxc1 Qxc1
30.g4 Rd2 31.h4 Nxg4+  0-1

[Event "Zonal 3.3"]
[Site "Tagaytay City PHI"]
[Date "2011.05.27"]
[Round "5"]
[White "Liu Dede"]
[Black "Tirto"]
[Result "1/2-1/2"]
[WhiteElo "2418"]
[BlackElo "2337"]

1.c4 c6 2.e4 d5 3.exd5 Nf6 4.d4 cxd5 5.Nc3 Nc6 6.Bg5 dxc4 7.d5 Ne5 8.Qd4 Nd3+
9.Bxd3 cxd3 10.Bxf6 gxf6 11.Nf3 Bf5 12.O-O Bg7 13.Nh4 e5 14.Qc5 Qc8 15.Qb5+ Bd7
16.Qxd3 f5 17.Nb5 Qc5 18.a4 e4 19.Qg3 O-O 20.Rac1 Qe7 21.Rc7 Qd8 22.Rfc1 Kh8
23.Nd6 Bxb2 24.Rd1 Bxa4 25.Rxf7 Bxd1 26.Rxh7+ Kxh7 27.Qg6+ Kh8 28.Qh6+ Kg8  1/2-1/2

[Event "Zonal 3.3"]
[Site "Tagaytay City PHI"]
[Date "2011.05.27"]
[Round "5"]
[White "Alidani,L"]
[Black "Tong,Thai Hung"]
[Result "0-1"]
[WhiteElo "1985"]
[BlackElo "2103"]

1.c4 c6 2.g3 d5 3.cxd5 cxd5 4.Bg2 Nf6 5.Nf3 Nc6 6.d4 Bf5 7.a3 e6 8.Nc3 a6
9.Nh4 Be4 10.f3 Bg6 11.b4 Be7 12.Nxg6 hxg6 13.Be3 b5 14.Rc1 Rc8 15.Nb1 Nd7
16.Bf2 Nb6 17.O-O Nc4 18.Qb3 Qb6 19.Rcd1 Bf6 20.e3 O-O 21.Nd2 a5 22.bxa5 Qxa5
23.Nb1 Rfd8 24.f4 Rc7 25.g4 Rcd7 26.g5 Be7 27.Rd3 Bd6 28.e4 Bxf4 29.exd5 exd5
30.Be1 Qc7 31.Nc3 Nxd4 32.Qa2 Bxh2+ 33.Kh1 Be5 34.Rh3 Ne6 35.Nxb5 Qc5 36.a4 Nxg5
37.Rh4 Bf6 38.Rh2 Ne5 39.Bf2 Qc4 40.Qb1 Ng4 41.Bg1 Nxh2 42.Bxh2 Qxa4 43.Rf4 Qa1
44.Qxa1 Bxa1 45.Ra4 Bf6 46.Nd4 Re8 47.Bg3 Ne4 48.Bf4 Nc5  0-1

[Event "Zonal 3.3 Women"]
[Site "Tagaytay City PHI"]
[Date "2011.05.27"]
[Round "5"]
[White "Le Kieu Thien Kim"]
[Black "Fronda,J"]
[Result "0-1"]
[WhiteElo "2221"]
[BlackElo "2011"]

1.c4 c6 2.e4 d5 3.cxd5 cxd5 4.exd5 Qxd5 5.Nc3 Qd6 6.d4 Nf6 7.Bc4 a6 8.Bb3 Nc6
9.Nge2 e6 10.O-O Be7 11.Bf4 Qd7 12.Na4 Qd8 13.Rc1 O-O 14.a3 Bd6 15.d5 exd5
16.Bxd5 Nxd5 17.Qxd5 Bxf4 18.Nxf4 Qf6 19.Nh5 Qh4 20.Rc4 Qe7 21.Rc3 Be6 22.Qc5 Rac8
23.Rg3 g6 24.Qc3 f6 25.Nb6 Rc7 26.Re1 Ne5 27.Qe3 Rd8 28.Nf4 Bf7 29.h3 Qd6
30.Na4 Nc4 31.Qd3 Qxd3 32.Nxd3 b5 33.Nc3 Kg7 34.Nb4 a5 35.Nba2 Rb7 36.Re2 b4
37.axb4 axb4 38.Na4 Rd1+ 39.Kh2 Nd2  0-1

[Event "Zonal 3.3"]
[Site "Tagaytay City PHI"]
[Date "2011.05.27"]
[Round "5"]
[White "Laylo,D"]
[Black "Paragua,M"]
[Result "1/2-1/2"]
[WhiteElo "2516"]
[BlackElo "2542"]

1.c4 c6 2.Nf3 d5 3.e3 Nf6 4.Nc3 e6 5.Qc2 Nbd7 6.d4 Bd6 7.b3 O-O 8.Be2 Re8
9.O-O h6 10.Bb2 b6 11.Rad1 Bb7 12.Rfe1 Qe7 13.Bf1 Rad8 14.e4 dxe4 15.Nxe4 Nxe4
16.Qxe4 Nf6 17.Qc2 Ba3 18.Bc3 Bb4 19.g3 Bxc3 20.Qxc3 Qc7 21.Bg2 c5 22.dxc5 Qxc5
23.Nd4 Bxg2 24.Kxg2 Rd7 25.b4 Qh5 26.Nf3 Red8 27.Rxd7 Rxd7 28.h3 Qf5 29.Nd4 Qh5
30.Nf3 Qf5 31.Nd4  1/2-1/2

[Event "Chicago Open"]
[Site "Wheeling USA"]
[Date "2011.05.27"]
[Round "2"]
[White "Shabalov,A"]
[Black "Matsenko,S"]
[Result "1/2-1/2"]
[WhiteElo "2586"]
[BlackElo "2453"]

1.c4 c6 2.d4 d5 3.Nc3 Nf6 4.e3 e6 5.Bd2 Bd6 6.Rc1 O-O 7.cxd5 exd5 8.Bd3 Re8
9.h3 Nbd7 10.Nge2 Ne4 11.Nxe4 dxe4 12.Bb1 Nf6 13.Nc3 h5 14.f3 Bg3+ 15.Kf1 exf3
16.Qxf3 Bc7 17.g4 hxg4 18.hxg4 Bxg4 19.Qf2 Nh5 20.Kg1 Re6 21.d5 Rf6 22.Qh4 Rf3
23.Ne2 f5 24.Rc4 Qxh4 25.Rxh4 Ng3 26.Nxg3 Bxg3 27.Rhxg4 fxg4 28.Be4 Rd8 29.Kg2 Rf2+
30.Kxg3 Rxd2 31.dxc6 bxc6 32.Rxc6 Rxb2 33.Bc2 Rdb8 34.Bb3+ R8xb3 35.axb3 Rxb3
36.Kf4 g3 37.Rc2 a5 38.Ra2 g2 39.Rxg2 Rb8 40.Ra2 Ra8 41.Ra4 Kf7 42.Ke5 Kg6
43.e4 Kg5 44.Ke6 g6 45.Kd6 Re8 46.Rxa5+ Kf4 47.e5 Kf5 48.e6+ Kf6 49.Kd5 Rxe6
50.Ra1 Re5+ 51.Kd4 g5 52.Rg1 Re8 53.Kd3 Kg6 54.Kd4 Re2 55.Kd3 Re7 56.Kd4 Rf7
57.Ke3 Rf4 58.Rh1 Kf5 59.Ra1 Kg6 60.Rg1 Rf5 61.Ke4 Kf6 62.Ke3 Kg6 63.Ke4 Rf2
64.Ke3 Rf4 65.Rh1 Rf5 66.Ke2 Rf8 67.Rg1 Rf4 68.Ke3 Rf7 69.Ke2 Rf5 70.Rh1 Kf6
71.Rg1 Rf4 72.Ke3 Kf5 73.Ra1 Kg4 74.Rg1+ Kh5 75.Rh1+ Rh4 76.Rg1 Rf4 77.Rh1+ Kg6
78.Rg1 Rf8 79.Ke4 Rf5 80.Ke3  1/2-1/2

[Event "e2e4 Sunningdale Open"]
[Site "Ascot ENG"]
[Date "2011.05.28"]
[Round "3"]
[White "Taylor,Adam A"]
[Black "Baeza Escudero,J"]
[Result "1/2-1/2"]
[WhiteElo "1821"]
[BlackElo "2010"]

1.c4 c6 2.d4 d5 3.Nc3 Nf6 4.Nf3 a6 5.Bg5 dxc4 6.e4 Be6 7.Ne5 Nbd7 8.Nxc4 Bxc4
9.Bxc4 b5 10.Bd3 Qa5 11.Bd2 Qb6 12.Be3 Qb7 13.e5 Nd5 14.Nxd5 cxd5 15.O-O e6
16.Rc1 g6 17.Qd2 Bg7 18.Bh6 O-O 19.Bxg7 Kxg7 20.h4 Rac8 21.h5 Rxc1 22.Rxc1 Rc8
23.hxg6 hxg6 24.g3 Nb6 25.Kg2 Rxc1 26.Qxc1 Nd7  1/2-1/2

[Event "Chinese League"]
[Site "Chengdu CHN"]
[Date "2011.05.28"]
[Round "6"]
[White "Li Chao2"]
[Black "Yu Ruiyuan"]
[Result "0-1"]
[WhiteElo "2646"]
[BlackElo "2439"]

1.c4 c6 2.d4 d5 3.Nf3 Nf6 4.Nc3 dxc4 5.a4 Bf5 6.Ne5 Nbd7 7.Nxc4 Nb6 8.Ne5 a5
9.e3 Nbd7 10.Qb3 Nxe5 11.dxe5 Nd7 12.Qxb7 Nxe5 13.e4 Rb8 14.Qa7 Be6 15.Bf4 f6
16.Be2 Qb6 17.Qxb6 Rxb6 18.O-O g5 19.Bxe5 fxe5 20.Rfc1 Rxb2 21.Bh5+ Kd7 22.Nd1 Rb4
23.Rc5 Bg7 24.Rxa5 Rhb8 25.Ra7+ Kd6 26.h3 Rxe4 27.Ne3 Reb4 28.Rd1+ Rd4 29.Rc1 Rdb4
30.Ra6 R8b6 31.Rxb6 Rxb6 32.Bg4 e4 33.a5 Ra6 34.Ra1 Bxg4 35.hxg4 Ke6 36.Ra4 Kd7
37.Nc4 Bc3 38.Ra3 Bd4 39.Rb3 Ke6 40.Rb1 Bg7 41.Ne3 Kd7 42.Nc4 Bd4 43.Rb3 Ke6
44.Rb1 Kd5 45.Rb3 Ke6 46.Rb1 Kd5 47.Rc1 Ra8 48.Kf1 e6 49.Ke2 Rb8 50.f3 Rb4
51.Ne3+ Bxe3 52.Kxe3 Rb3+ 53.Ke2 Rb2+ 54.Ke3 Rb3+ 55.Ke2 exf3+ 56.gxf3 Ra3
57.Rd1+ Ke5 58.Rd7 Rxa5 59.Rxh7 Kd4 60.Rd7+ Rd5 61.Rf7 c5 62.f4 c4 63.f5 Re5+
64.Kd1 exf5 65.gxf5 Kc3  0-1

[Event "TCh-FRA Top 12 2011"]
[Site "Mulhouse FRA"]
[Date "2011.05.28"]
[Round "3.1"]
[White "Nisipeanu,LD"]
[Black "Adla,D"]
[Result "1-0"]
[WhiteElo "2659"]
[BlackElo "2507"]

1.c4 c6 2.e4 d5 3.exd5 cxd5 4.d4 Nf6 5.Nc3 e6 6.Nf3 Bb4 7.Bd3 O-O 8.O-O dxc4
9.Bxc4 b6 10.Bg5 Bb7 11.Rc1 Nbd7 12.Re1 a6 13.a4 Qc7 14.Qb3 Bxf3 15.Qxb4 Ng4
16.g3 Qb7 17.Qd6 Ngf6 18.d5 Nxd5 19.Nxd5 Bxd5 20.Bxd5 Qxd5 21.Qxd5 exd5 22.Red1 d4
23.Rxd4 Nc5 24.Rdc4 Ne6 25.Be3 b5 26.axb5 axb5 27.Rb4 Rab8 28.Rd1 Rfd8 29.Rxd8+ Nxd8
30.Rd4 Nc6 31.Rd6 Ne7 32.Ba7 Rc8 33.Bc5 Rb8 34.b4 Ng6 35.Ba7 Ra8 36.Rd7 Ne5
37.Rb7 f6 38.Bc5 Nd3 39.Rxb5 Ra1+ 40.Kg2 Rb1 41.Rb8+ Kf7 42.Rb7+ Kg8 43.Bd6 Rb2
44.Kf3 Nxf2 45.b5 Nd3 46.Ke4 Ne5 47.Bxe5 fxe5 48.h4 Rb3 49.b6 Rxg3 50.Rc7 Rb3  1-0

[Event "e2e4 Sunningdale Open"]
[Site "Ascot ENG"]
[Date "2011.05.29"]
[Round "4"]
[White "Costello,C"]
[Black "Hagesaether,A"]
[Result "0-1"]
[WhiteElo "1983"]
[BlackElo "2143"]

1.c4 c6 2.Nf3 Nf6 3.g3 d5 4.d4 Bf5 5.Nbd2 e6 6.Bg2 Nbd7 7.O-O h6 8.a3 Bd6
9.b4 O-O 10.Bb2 Re8 11.Rc1 Bh7 12.Qb3 Qb8 13.Rfd1 b5 14.c5 Bc7 15.a4 a5 16.axb5 Qxb5
17.bxa5 Qxb3 18.Nxb3 Reb8 19.Nfd2 Rb5 20.Bc3 Nb8 21.e4 dxe4 22.Bf1 Rb7 23.Bc4 Nd5
24.a6 Rba7 25.Re1 Nxa6 26.Nxe4 Nab4 27.Bxb4 Nxb4 28.Nd6 Kf8 29.Ne4 Ra3 30.Re3 R8a5
31.Nbd2 Ra1 32.Rxa1 Rxa1+ 33.Kg2 Rc1 34.Nb3 Rxc4  0-1

[Event "3rd Limpedea Cup"]
[Site "Baia Sprie ROU"]
[Date "2011.05.29"]
[Round "7"]
[White "Nanu,C"]
[Black "Genov,Peta"]
[Result "1/2-1/2"]
[WhiteElo "2526"]
[BlackElo "2444"]

1.c4 c6 2.Nf3 Nf6 3.d4 d5 4.e3 a6 5.Nc3 b5 6.b3 Bg4 7.Be2 e6 8.O-O Nbd7 9.Bb2 Bd6
10.h3 Bh5 11.Ne5 Bxe2 12.Nxe2 Qc7 13.cxd5 cxd5 14.Rc1 Qb8 15.Nxd7 Kxd7 16.Qd3 Rc8
17.Rxc8 Qxc8 18.Rc1 Qb7 19.f3 Rc8 20.Kf2 Rxc1 21.Nxc1 Qc7 22.Qc3 Qxc3 23.Bxc3 b4
24.Be1 a5 25.g4 Kc6 26.Nd3 Ne8 27.Ke2 Nc7 28.Kd2 Nb5 29.Kc2 Na3+ 30.Kb2 Nb5
31.Kc2 Na3+ 32.Kb2 Nb5  1/2-1/2

[Event "Chicago Open"]
[Site "Wheeling USA"]
[Date "2011.05.29"]
[Round "6"]
[White "Felecan,F"]
[Black "Sundararajan,K"]
[Result "1/2-1/2"]
[WhiteElo "2390"]
[BlackElo "2467"]

1.c4 c6 2.g3 d5 3.Bg2 Nf6 4.Nf3 Bf5 5.cxd5 cxd5 6.Qb3 Qc7 7.Nc3 e6 8.d3 Nc6
9.O-O Be7 10.Bf4 Qd7 11.e4 Bg6 12.exd5 exd5 13.d4 O-O 14.Ne5 Qd8 15.Nxg6 hxg6
16.Qxb7 Nxd4 17.Rad1 Bc5 18.Be5 Nf5 19.Nxd5 Ng4 20.Ne3 Nfxe3 21.Rxd8 Raxd8
22.fxe3 Bxe3+ 23.Kh1 Nxe5 24.Qe4 Bd4 25.b4 f5 26.Qe2 Rfe8 27.h3 Kh7 28.Rf4 Ng4
29.Qc4 Re1+ 30.Bf1 g5 31.Rxd4 Ne3 32.Rh4+ gxh4 33.Qxh4+ Kg6 34.Qxd8 Rxf1+
35.Kh2 Rf2+  1/2-1/2

[Event "TCh-FRA Top 12 2011"]
[Site "Mulhouse FRA"]
[Date "2011.05.30"]
[Round "5"]
[White "Koch,JR"]
[Black "Debray,C"]
[Result "1-0"]
[WhiteElo "2476"]
[BlackElo "2376"]

1.c4 c6 2.g3 d5 3.Bg2 Nf6 4.Nf3 dxc4 5.O-O e6 6.Na3 b5 7.b3 cxb3 8.Qxb3 Bb7
9.Nc4 Qc7 10.Nce5 Bd6 11.d4 O-O 12.Bb2 Nbd7 13.Rac1 c5 14.Nxd7 Nxd7 15.dxc5 Nxc5
16.Qc3 f6 17.Ba3 Rac8 18.Rfd1 Bd5 19.e4 Bc4 20.Nd2 Na4 21.Qe3 Bxa3 22.Qxa3 Nb6
23.Nxc4 Nxc4 24.Qa6 Qb6 25.Qxb6 Nxb6 26.Bf1 b4 27.Rb1 a5 28.Rd6 Na4 29.Rxe6 Nc3
30.Rb2 Rfd8 31.Kg2 Rc5 32.Kf3 Nd1 33.Re2 Rd3+ 34.Kf4 Kf7 35.Ra6 Nc3 36.Ra7+ Kg6
37.Rb2 Rd4 38.Kf3 Nd1 39.Re2 Nc3 40.Rc2 Rd1 41.Bh3 Kh6 42.Kg2 Ra1 43.Be6 Nxe4
44.Rxc5 Nxc5 45.Bf7 Rc1 46.Rxa5 g5 47.Ra7 Nd3 48.Bg8 Rc2 49.Rxh7+ Kg6 50.Rd7 Rxf2+
51.Kg1 Ne5 52.Bh7+ Kh5 53.Kxf2 Nxd7 54.Bf5 Nc5 55.Ke3 b3 56.a3 Na4 57.Kd4 g4
58.Kc4 b2 59.Kb3 Kg5 60.Bc2 Nc5+ 61.Kxb2 f5 62.Kc3 f4 63.Kd4 Nb7 64.a4 f3
65.Kd5 Kf6 66.Bd3 Ke7 67.Bf1 Na5 68.Ke5 Nb3 69.Kf4 Nd2 70.Bd3 f2 71.Kxg4 f1=R
72.Bxf1 Nxf1 73.h4 Ne3+ 74.Kg5 Nc4 75.Kg6 Kf8 76.g4 Kg8 77.g5 Na5 78.Kf6 Nc6
79.h5 Kh8 80.g6 Kg8  1-0

[Event "84th ch-St Petersburg"]
[Site "St Petersburg RUS"]
[Date "2011.05.30"]
[Round "10"]
[White "Shimanov,A"]
[Black "Goganov,A"]
[Result "1-0"]
[WhiteElo "2583"]
[BlackElo "2480"]

1.c4 c6 2.Nf3 Nf6 3.Nc3 d5 4.e3 e6 5.Qc2 Nbd7 6.b3 Bd6 7.Bb2 a6 8.d4 b6 9.Bd3 Bb7
10.O-O O-O 11.Rfe1 h6 12.Rad1 Qc7 13.e4 dxc4 14.Bxc4 e5 15.dxe5 Nxe5 16.Rxd6 Nxf3+
17.gxf3 Qxd6 18.e5 Qe7 19.exf6 Qxe1+ 20.Kg2 c5 21.Ne2 Rad8 22.fxg7 Rfe8 23.Qf5 Rd5
24.Bxd5 Bxd5 25.Ng3 Qe6 26.Qf4 Qg6 27.h4 h5 28.Bc3 Kh7 29.Kh2 b5 30.Nf5 b4
31.Ne7 Rxe7 32.Qb8 Qxg7 33.Bxg7 Kxg7 34.Qd6  1-0

[Event "3rd Orissa Open"]
[Site "Bhubaneswar IND"]
[Date "2011.05.31"]
[Round "5"]
[White "Debashis,D"]
[Black "Roy,Pr"]
[Result "1-0"]
[WhiteElo "2392"]
[BlackElo "2242"]

1.c4 c6 2.d4 d5 3.Nf3 Nf6 4.e3 g6 5.Nc3 Bg7 6.Be2 O-O 7.O-O Bg4 8.b3 Nbd7
9.h3 Bf5 10.Bb2 Re8 11.Rc1 a6 12.a4 Rc8 13.b4 Be4 14.Qb3 Bxf3 15.Bxf3 dxc4
16.Qxc4 e5 17.Rfd1 e4 18.Be2 Nb6 19.Qb3 Nbd5 20.b5 axb5 21.axb5 Nxc3 22.Bxc3 Nd5
23.Be1 Qg5 24.Rc2 Re6 25.Rdc1 Bf8 26.Bg4 f5 27.Be2 Qd8 28.Ra2 Ra8 29.Rca1 Rxa2
30.Rxa2 Bd6 31.Ra7 Re7 32.g3 Kg7 33.Bc4 Bb8 34.Ra8 Nc7 35.Ba5 Qc8 36.Bxc7 Rxc7
37.Be6 Qe8 38.bxc6 Rxc6 39.Qxb7+ Kh6 40.Rxb8 Qxe6 41.Rh8  1-0

[Event "84th ch-St Petersburg"]
[Site "St Petersburg RUS"]
[Date "2011.05.31"]
[Round "11"]
[White "Ionov,S"]
[Black "Yevseev,D"]
[Result "0-1"]
[WhiteElo "2559"]
[BlackElo "2527"]

1.c4 c6 2.Nf3 d5 3.e3 Nf6 4.Nc3 e6 5.b3 Nbd7 6.Qc2 Bd6 7.Bb2 a6 8.d4 O-O
9.Be2 e5 10.cxd5 cxd5 11.dxe5 Nxe5 12.O-O Be6 13.Nxe5 Bxe5 14.f4 Bb8 15.Bf3 Qb6
16.Kh1 Qxe3 17.f5 Bd7 18.Nxd5 Nxd5 19.Bxd5 Qh6 20.g3 Bxg3 21.Rg1 Bxf5 22.Qg2 Rfd8
23.Bxb7 Rab8 24.Bf3 Bf4 25.Bxg7 Qg6 26.Qf1 Kxg7 27.Rxg6+ hxg6 28.Qc4 Be5
29.Re1 Bf6 30.Qxa6 Rd2 31.Re2 Rd1+ 32.Kg2 Rh8 33.Qb7 Bd4 34.Kg3 g5  0-1

[Event "29th Liechtenstein Open"]
[Site "Triesen LIE"]
[Date "2011.05.31"]
[Round "5.13"]
[White "Gorse,G"]
[Black "Partenheimer,A"]
[Result "1/2-1/2"]
[WhiteElo "2073"]
[BlackElo "2200"]

1.c4 c6 2.Nf3 d5 3.e3 Nf6 4.Nc3 e6 5.b3 Nbd7 6.Bb2 Bd6 7.Qc2 O-O 8.Be2 Re8
9.O-O h6 10.d4 Qe7 11.Rfd1 b6 12.e4 Nxe4 13.Nxe4 dxe4 14.Qxe4 Bb7 15.Ne5 Nf6
16.Qh4 c5 17.Bf3 Qc7 18.Bxb7 Qxb7 19.dxc5 Bxc5 20.Bd4 Bf8 21.Qf4 Rad8 22.Qf3 Qc7
23.Bb2 Rxd1+ 24.Rxd1 Rd8 25.Rxd8 Qxd8 26.Qd3 Qxd3  1/2-1/2

[Event "29th Liechtenstein Open"]
[Site "Triesen LIE"]
[Date "2011.05.31"]
[Round "5.2"]
[White "Miezis,N"]
[Black "Spirin,O"]
[Result "1/2-1/2"]
[WhiteElo "2542"]
[BlackElo "2479"]

1.c4 c6 2.e4 d5 3.exd5 cxd5 4.cxd5 Nf6 5.Bb5+ Nbd7 6.Nc3 a6 7.Qa4 Rb8 8.Bxd7+ Bxd7
9.Qb3 b5 10.d4 b4 11.Bf4 Rc8 12.Nd1 Qa5 13.Bd2 Qxd5  1/2-1/2

[Event "3rd Orissa Open"]
[Site "Bhubaneswar IND"]
[Date "2011.06.02"]
[Round "7"]
[White "Rahman,Zia"]
[Black "Kasparov,S"]
[Result "1/2-1/2"]
[WhiteElo "2534"]
[BlackElo "2493"]

1.c4 c6 2.Nf3 Nf6 3.g3 d5 4.Bg2 Bg4 5.Ne5 Bf5 6.cxd5 cxd5 7.Qa4+ Bd7 8.Nxd7 Qxd7
9.Qxd7+ Nbxd7 10.Nc3 e6 11.d3 Be7 12.e4 dxe4 13.dxe4 e5 14.Ke2 O-O 15.Rd1 Rfd8
16.f4 Bc5 17.Bh3 h5 18.Be3 Bxe3 19.Kxe3 Nb6 20.fxe5 Nc4+ 21.Kf4 Nh7 22.Bf5 g5+
23.Kf3 Nxe5+ 24.Ke2 Nf6 25.Rac1 Rxd1 26.Rxd1 Kf8 27.h4 gxh4 28.gxh4 Ke7 29.Rg1 a6
30.Rg5 Kd6 31.Bh3 Rg8 32.Rf5 Rg6 33.a3 b6 34.a4 Rh6 35.Kd1 Nfd7 36.Kc2 Nc5
37.Rf2 Rg6 38.Rd2+ Kc6 39.Rd5 f6 40.Rd8 Rg3 41.Bf1 Ne6 42.Rd1 Nc7 43.Be2 Rh3
44.Rf1 Nd7 45.Bxh5 Rxh4 46.Bf7 Rh2+ 47.Kb1 Kd6 48.Bc4 Ke7 49.Rg1 Rh7 50.Bg8 Rh2
51.Bc4 Rh7  1/2-1/2

[Event "KNSB-Beker Dutch Club Cup"]
[Site "Bussum NED"]
[Date "2011.06.02"]
[Round "1.2"]
[White "Van Leent,D"]
[Black "Burg,T"]
[Result "0-1"]
[WhiteElo "2184"]
[BlackElo "2454"]

1.c4 c6 2.e4 d5 3.exd5 cxd5 4.d4 Nf6 5.Nc3 Nc6 6.Bg5 e6 7.c5 Be7 8.Nf3 O-O
9.Bb5 Ne4 10.Bxe7 Nxe7 11.Rc1 b6 12.O-O bxc5 13.dxc5 Rb8 14.Qa4 a6 15.Bd3 Nxc5
16.Bxh7+ Kxh7 17.Qh4+ Kg8 18.Ng5 Re8 19.Qh7+ Kf8 20.Qh8+ Ng8 21.Nh7+ Ke7
22.Qxg7 Qd6 23.f4 d4 24.Ng5 Rf8 25.Nce4 Nxe4 26.Nxe4 Qd5 27.Rc7+ Bd7 28.Rd1 Qxe4
29.Rxd7+ Ke8 30.R7xd4 Qe3+ 31.Kh1 Ne7 32.Qg5 Rc8 33.h3 Rg8 34.Qa5 Nf5 35.Qxa6 Ke7
36.Rd7+ Kf6 37.Qb7 Qxf4 38.Rxf7+ Kg6 39.Kg1 Qe3+ 40.Kh1 Rh8 41.Rfd7 Rc2  0-1

[Event "TCh-FRA Top 12 2011"]
[Site "Mulhouse FRA"]
[Date "2011.06.02"]
[Round "8"]
[White "Delchev,A"]
[Black "Goldsztejn,Gi"]
[Result "1-0"]
[WhiteElo "2619"]
[BlackElo "2422"]

1.c4 c6 2.Nf3 d5 3.g3 Nf6 4.Bg2 Bg4 5.Ne5 Be6 6.cxd5 Bxd5 7.Nf3 c5 8.Nc3 Bc6
9.O-O Nbd7 10.d3 e6 11.e4 Qc7 12.Qe2 b5 13.d4 b4 14.Bf4 Qb6 15.d5 Bb7 16.Nb5 Ba6
17.Nc7+ Qxc7 18.Qxa6 Qb6 19.Qa4 Be7 20.Ne5 a6 21.Qc6 Qxc6 22.Nxc6 g5 23.Bxg5 Nxd5
24.exd5 Bxg5 25.dxe6 fxe6 26.Rad1 Nb6 27.Rd6 O-O 28.Na5 Rab8 29.Rxe6 Rfe8
30.Rfe1 Kf7 31.Rxe8 Rxe8 32.Rxe8 Kxe8 33.Bb7 Kf8 34.Bxa6 Bf6 35.b3 Nd5 36.Bd3 Kg7
37.Nc4 Bd4 38.a4 bxa3 39.Nxa3 Nb4 40.Be4 h6 41.Kg2 Na2 42.Nc2 Bc3 43.Ne3 Nc1
44.Bc2 Bd2 45.Nf5+ Kf6 46.f4 Nxb3 47.Nxh6 c4 48.Ng4+ Ke6 49.Ne5 Nd4 50.Be4 c3
51.Nf3 Ne2 52.f5+ Kf6 53.Kf2 Nc1 54.h4 Nb3 55.g4 Nc5 56.g5+ Ke7 57.Bc2 Bf4
58.Nd4 Nd7 59.Kf3 Bd2 60.Ke4 Nc5+ 61.Kd5 Nd7 62.Nc6+  1-0

[Event "18th Ratten Open"]
[Site "Ratten AUT"]
[Date "2011.06.02"]
[Round "2.1"]
[White "Schein,KH"]
[Black "Huber,Mart AUT"]
[Result "1/2-1/2"]
[WhiteElo "2208"]
[BlackElo "2071"]

1.c4 c6 2.d4 d5 3.Nc3 Nf6 4.Bg5 dxc4 5.e4 b5 6.Nf3 e6 7.e5 h6 8.Bh4 g5 9.Nxg5 hxg5
10.Bxg5 Nbd7 11.exf6 Bb7 12.Be2 Qb6 13.O-O O-O-O 14.Qd2 c5 15.d5 exd5 16.Bf3 d4
17.Bxb7+ Qxb7 18.Ne2 Bd6 19.Ng3 Be5 20.Rfe1 Qc7 21.Rac1 Rdg8 22.f4 Rxg5 23.fxg5 Bf4
24.Qf2 Bxg5 25.Rc2 Bxf6 26.Qf3 d3 27.Rd2 b4 28.b3 Bd4+ 29.Kh1 Be5 30.Kg1 Bd4+
31.Kh1 Be5 32.Kg1  1/2-1/2

[Event "18th Ratten Open"]
[Site "Ratten AUT"]
[Date "2011.06.02"]
[Round "2.1"]
[White "Savio,A1"]
[Black "Hapala,L"]
[Result "1/2-1/2"]
[WhiteElo "2071"]
[BlackElo "1878"]

1.c4 c6 2.Nc3 d5 3.d4 Nf6 4.Nf3 dxc4 5.e4 b5 6.Qc2 Bb7 7.a4 a6 8.e5 Nd5 9.e6 f6
10.Ne4 Bc8 11.Nc5 Qd6 12.Qe4 g6 13.g3 Bg7 14.h4 f5 15.Qe2 Bxd4 16.Nxd4 Qxc5
17.Qe5 Rg8 18.Bg2  1/2-1/2

[Event "29th Liechtenstein Open"]
[Site "Triesen LIE"]
[Date "2011.06.03"]
[Round "8.1"]
[White "Sergeev,Vl"]
[Black "Hera,I"]
[Result "1/2-1/2"]
[WhiteElo "2507"]
[BlackElo "2566"]

1.c4 c6 2.d4 d5 3.cxd5 cxd5 4.Nc3 Nf6 5.Nf3 Nc6 6.Ne5 e6 7.Nxc6 bxc6 8.g3 Be7
9.Bg2 O-O 10.O-O a5 11.b3 Ba6 12.Na4 Bb5 13.Nc3 a4 14.Nxb5 cxb5 15.Bg5 Qa5
16.Rc1 h6 17.Bxf6 Bxf6 18.e3 Rfc8 19.Bf3 Rc3 20.bxa4 bxa4 21.Qd2 Rxc1 22.Qxc1 Rb8
23.Kg2 a3 24.Bd1 Rb2 25.Bb3 g6 26.Rd1 Kg7 27.Rd3 Be7 28.Rc3 Bb4 29.Rc2 Bd2
30.Qd1 Bc3 31.Qc1 Bd2 32.Qd1 Bc3 33.Qc1 Bd2  1/2-1/2

[Event "38th OKU 2011"]
[Site "Utrecht NED"]
[Date "2011.06.03"]
[Round "1"]
[White "Reinderman,D"]
[Black "Oosterman,M"]
[Result "1-0"]
[WhiteElo "2617"]
[BlackElo "2010"]

1.c4 c6 2.g3 d5 3.Nf3 Nf6 4.Bg2 Bg4 5.Ne5 Bh5 6.cxd5 Nxd5 7.Qb3 Qc7 8.d4 e6
9.e4 Nb6 10.g4 Bg6 11.Nc3 N8d7 12.Nd3 Be7 13.Be3 h5 14.g5 e5 15.dxe5 Nxe5
16.Nxe5 Qxe5 17.f4 Qa5 18.f5 Bh7 19.O-O Bc5 20.Bxc5 Qxc5+ 21.Kh1 Qc4 22.Qd1 Nd7
23.Rc1 O-O-O 24.Nd5 Qxa2 25.Qd4 c5 26.b4 Kb8 27.bxc5 Qa5 28.c6 bxc6 29.Ra1 Qc5
30.Rfb1+ Kc8 31.Qa4 Ne5 32.Rc1  1-0

[Event "Mayor's Cup of Good Wine"]
[Site "Hustopece CZE"]
[Date "2011.06.04"]
[Round "9"]
[White "Cvek,R"]
[Black "Michalik,P"]
[Result "1/2-1/2"]
[WhiteElo "2516"]
[BlackElo "2507"]

1.c4 c6 2.Nf3 d5 3.e3 Nf6 4.Nc3 a6 5.d4 b5 6.b3 Bg4 7.Be2 e6 8.O-O Nbd7 9.h3 Bh5
10.Bb2 Bg6 11.Nh4 Bd6 12.c5 Bc7 13.Nxg6 hxg6 14.f4 Ne4 15.Nxe4 dxe4 16.d5 exd5
17.Bxg7 Rg8 18.Bd4 a5 19.a3 Qh4 20.Qe1 Qxe1 21.Rfxe1 f5 22.g4 Nf8 23.g5 Ne6
24.Red1 Kf7 25.Kf2 Bd8 26.h4 Be7 27.Rac1 Nxd4 28.exd4 Rh8 29.Rh1 Rh7 30.Rh3 Rah8
31.Rch1 Bd8 32.Ke3 Rh5  1/2-1/2

[Event "Fynsmesterskabet 2011"]
[Site "Odense DEN"]
[Date "2011.06.04"]
[Round "6.13"]
[White "Hagen,Andr"]
[Black "Andersen,L1 DEN"]
[Result "1-0"]
[WhiteElo "2346"]
[BlackElo "2137"]

1.c4 c6 2.g3 d5 3.Nf3 dxc4 4.Bg2 b5 5.O-O Bb7 6.d3 cxd3 7.Ne5 Nf6 8.Nc3 a6
9.a4 Qc8 10.Qxd3 e6 11.axb5 cxb5 12.Nxb5 Bxg2 13.Kxg2 Qb7+ 14.Qf3 Nd5 15.Nc3 f6
16.Nc4 Ra7 17.Na5 Qf7 18.Nxd5 exd5 19.Bf4 Ra8 20.Rfd1 Be7 21.Rxd5 O-O 22.Rad1 Qe6
23.R5d3 Ra7 24.Bxb8  1-0